The postwar rise in the velocity of money (Record no. 500939)

000 -LEADER
fixed length control field 00403cam a22001217a 4500
008 - FIXED-LENGTH DATA ELEMENTS--GENERAL INFORMATION
fixed length control field 180718b1961 xxu||||| |||| 00| 0 eng d
082 ## - DEWEY DECIMAL CLASSIFICATION NUMBER
Classification number T41x73 Se48
100 ## - MAIN ENTRY--PERSONAL NAME
Personal name Selden, Richard T.
245 ## - TITLE STATEMENT
Title The postwar rise in the velocity of money
Statement of responsibility, etc. by Richard T. Selden
260 ## - PUBLICATION, DISTRIBUTION, ETC.
Place of publication, distribution, etc. New York
Name of publisher, distributor, etc. National Bureau of Economic Research
Date of publication, distribution, etc. 1961
650 ## - SUBJECT ADDED ENTRY--TOPICAL TERM
Topical term or geographic name entry element Money --United States.
650 ## - SUBJECT ADDED ENTRY--TOPICAL TERM
Topical term or geographic name entry element Circular velocity of money
Holdings
Withdrawn status Lost status Damaged status Not for loan Permanent Location Current Location Date acquired Full call number Barcode Date last seen Price effective from Koha item type
        Indian Institute of Public Administration Indian Institute of Public Administration 2018-08-04 T41x73 Se48 GR5063 2018-08-04 2018-08-04 GR

Powered by Koha